| 000 | 00881caa a22002057a 4500 | ||
|---|---|---|---|
| 999 |
_c443070 _d443070 |
||
| 003 | UA-OsUOA | ||
| 005 | 20200220145431.0 | ||
| 008 | 191204b un ||||| |||| 00| 0 ukr d | ||
| 040 |
_aUA-OsUOA _bukr _cUA-OsUOA _dUA-OsUOA |
||
| 041 | _aukr | ||
| 080 | _a908 | ||
| 090 | _a908 | ||
| 100 | _aАгасієв І. К. | ||
| 245 |
_aОстрізький повіту другій половині XIX ст. _cІ. К. Агасієв |
||
| 300 | _aС. 10–11 | ||
| 650 | _2UDC | ||
| 773 | 0 |
_0331093 _9355490 _dОстрог 1992 _o104079 _tМатеріали І - ІІІ науково-краєзнавчих конференцій "Остріг на порозі 900-річчя" (1990 - 1992 рр.) _w(UA-OsUOA) 44980 |
|
| 942 |
_2udc _cBKA |
||